000 00743nam a2200205Ia 4500
999 _c39420
_d39420
001 6011
003 GE_BSU
005 20190830135518.0
008 181216s1973||||ge |||||||||||||| ||geo||
040 _cGE_BSU
041 _ageo
080 _a821.353.1-1 ა-19
100 _aაბრამიშვილი, მარი
_93838
245 _aლექსები /
_cმარი აბრამიშვილი ; რედ. დ. ივარდავა.
264 _aთბილისი :
_bსაბჭოთა საქართველო ;
_c1973.
300 _a98 გვ. ;
_c17 სმ.
653 _aლექსები
700 _aივარდავა, დ.
_eრედაქტორი
_93755
942 _cBK
_2udc